000
00280nam a22001337a 4500
008
170629b xxu||||| |||| 00| 0 eng d
020
_a
9780768904550
041
_a
eng
080
_a
05
100
_a
22
101
_a
GJL
245
_a
COLLEGES
_c
MANGRUM, CH.T
942
_2
udc
_c
BK
999
_c
19475
_d
19475